000 00927 a2200181 4500
003 Nust
005 20230807100038.0
040 _cNust
082 _a621.38932,DAV
100 _aGomer L, Davies
_9110313
245 _aMagnetic tape Instrumentation /
_cDavies Gomer L
260 _aNew York
_bMcGraw Hill
_c1961
300 _b263p
505 _aBrief History of Magnetic Tape Instrumentation Applications (Page-1), Fundamentals of Recording and Reproduction (Page-6), Techniques used in Data Recording (Page-25), Tape-Transport Mechanisms (Page-75), Tape-Motion Irregularities (Page-98), Compensation of flutter and Skew Errors (Page-122), Speed Control Systems (Page-137), Electronic Equipment for Recording and Reproducing (Page-153), Heads and Head Stacks (Page-189), Magnetic Drums, Disks, and other Devices (Page-229).
600 _aGomer L Davies
_9110314
650 _aTape Instrumentation
_9110315
942 _2ddc
_cBK
999 _c183383
_d183383